000 00458nam a2200193Ia 4500
005 20240823015032.0
008 240823s9999||||xx |||||||||||||| ||und||
020 _a81-2032399-8
041 _aENGLISH
082 _A621.317 P4
100 _aJagannathan V
245 0 _aPower Electronics
250 _a1st
260 _c2004
_b"PHI,New "
_aNew Delhi
500 _aYES
650 _aPower Electronics
_bInstrumentation
942 _cBK
999 _c171487
_d171487